000
00238nam a22001097a 4500
040
_c
SK
082
_a
448
100
_a
SOK PHEAV
245
_a
Methode de francais pour la classe propedeutique
260
_a
RUA
_b
SOK
_c
2010
942
_c
AEDBB
999
_c
8454
_d
8454